| 000 | 01607nam a22003017a 4500 | ||
|---|---|---|---|
| 005 | 20110217145558.0 | ||
| 008 | 110217t xxu||||| |||| 00| 0 eng d | ||
| 010 | _aENG-102031 | ||
| 020 |
_a9780071071048 _c450.00 |
||
| 020 |
_a0071071040 _c450.00 |
||
| 035 | _aEN-85564 | ||
| 037 | _bDBAD/PUB | ||
| 040 |
_adpl _bEng |
||
| 082 | _a005.7565 | ||
| 100 |
_aMalcher, Michelle _912973 |
||
| 245 |
_aOracle database administration for Microsoft SQL server DBAs / _cby Michelle Malcher |
||
| 260 |
_aNew Delhi _bTata McGraw-Hill _c2011 |
||
| 270 |
_a7, West Patel Nagar _bNew Delhi _e110008 |
||
| 300 |
_axiv,334p. _c24 cm (pbk) |
||
| 500 | _aIncludes index | ||
| 520 | _a"Use your SQL Server experience to set up and maintain a high-performance Oracle Database environment. Written by a DBA with expertise in both platforms, Oracle Database Administration for Microsoft SQL Server DBAs illustrates each technique with clear explanations, examples, and comparison tables. Get full details on Oracle Database internals, creation assistants, management techniques, and query tools. High availability, disaster recovery, and security procedures are also extensively covered in this comprehensive Oracle Press guide"-- |c Provided by publisher. | ||
| 650 |
_926034 _aDatabase management. |
||
| 650 |
_aSQL/ORACLE (Computer program language) _926038 |
||
| 700 | _926035 | ||
| 700 | _926036 | ||
| 942 |
_2ddc _cEN _mMAL _h005.7565 |
||
| 999 |
_c50614 _d50614 |
||